01227cam a2200313 i 450000100090000000300090000900500170001800800410003502000250007604000380010108200190013910000430015824501130020126400500031430000570036433600260042133700280044733800270047550400520050265000380055465100100059265300370060265500170063970000360065670000360069294200120072899900170074095201560075718063654EG-ScBUE20241215121127.0140311s2014 enka f b f001 0 eng d a9781107658790 (pbk.) aDLCbengerdacDLCdDLCdEG-ScBUE04a519.6222bGUE1 aGuenin, B.q(Bertrand)eauthor.93875312aA gentle introduction to optimization /cB. Guenin, J. Konemann, L. Tuncel, University of Waterloo, Ontario. 1aCambrige :bCambrige University Press,c2014. axi, 269 pages :billustrations (some color) ;c26 cm 2rdacontentatextbtxt 2rdamediaaunmediatedbn 2rdacarrieravolumebnc aIncludes bibliographical references and index.  7aMathematical optimization.2BUEsh 2BUEsh bCOMSCIcAugust2015cNovember2015 vReading book1 aKonemann, J.q(Jochen)eauthor.1 aTuncel, Levent,d1965-eauthor. 2ddccBB c20569d20541 00102ddc40708BaccahaMAINbMAINc1STd2015-08-18ePurchaseg675.00h21759l2m17o519.6 GUEp000039801r2026-02-02 00:00:00s2025-10-22v844.00yBB